Czy uda ci się odgadnąć polskiego rapera po tytule jego piosenki? 2022 - Statystyki

Ogólne statystyki
  • Ten quiz został rozwiązany 437 razy
  • Średni wynik to 24 z 40
Statystyki odpowiedzi
Hint Odpowiedź % Poprawnych
Sexoholik Żabson
95%
Wschód (lubie zapierdalać) Bedoes
87%
Benz-dealer Quebonafide
87%
Nostalgia Taco Hemingway
86%
Zosia Białas
85%
Sonic (skit) Oki
85%
Do tańca Malik Montana
82%
Szaman Paluch
79%
Klej Reto
76%
WIFI Guzior
74%
Miniówa Kukon
74%
Małe krople Young Igi
73%
200 osób w kawalerce Kinny Zimmer
71%
WWA Melanż Otsochodzi
69%
MVP OIO
68%
Easy Rider White 2115
68%
Tryb samolotowy Jan Rapowanie
67%
Fiu Fiu Kizo
63%
Blok Mata
63%
Miałem kolegę Bartka Chivas
62%
W cenie Kabe
62%
Dres Miszel
62%
Jestem śliczny Rusina
58%
Artysta z ASP Kacperczyk
57%
Będzie lepiej Tymek
57%
SÓL Young Multi
57%
Dementor Filipek
53%
Ground Zero PRO8L3M
53%
Czerwony rum Słon
52%
Jeździec bez głowy Szpaku
52%
Rio Sentino
46%
Pull up Sobel
41%
Znikam Gibbs
40%
Bruce 2115
38%
Cudowna Alberto
38%
Subway Surfer Mr. Polska
38%
Za karę SB Maffija
38%
Priorytety Paktofonika
26%
Sezon Smolasty
25%
Kryptowaluty Taconafie
6%
Nie znaleziono quizów pasujących do podanych kryteriów
Rozkład punktacji
Procent ludzi z każdym wynikiem
Percentyl według liczby udzielonych odpowiedzi
Twoja historia wyników
Nie rozwiązałeś tego quizu